000 00601nam a2200229Ia 4500
003 OSt
005 20221007111050.0
006 a|||||r|||| 00| 0
007 ta
008 221006b |||||||| |||| 00| 0 eng d
024 _a22,488
037 _cTextual
040 _aLCO
_cLCO
_beng
041 _2eng
_aeng
082 _aX724:(Z), M2
100 _aSundaram V.S.
245 0 _aLaw of Income Tax in India
260 _aMadras
_bThe Madaras Law Journal Office India
_c1982
650 _aINCOME TAX
942 _hX724:(Z), M2
_cTEXL
999 _c1192051
_d1192051